Normal view
MARC view
- Budget.
Entry Topical Term
001 - CONTROL NUMBER
- control field: 50411
003 - CONTROL NUMBER IDENTIFIER
- control field: OSt
005 - DATE AND TIME OF LATEST TRANSACTION
- control field: 20231204164522.0
008 - FIXED-LENGTH DATA ELEMENTS
- fixed length control field: 231204|| aca||aabn | a|a d
040 ## - CATALOGING SOURCE
- Original cataloging agency: OSt
- Transcribing agency: OSt
150 ## - HEADING--TOPICAL TERM
- Topical term or geographic name entry element: Budget.
670 ## - SOURCE DATA FOUND
- Source citation: Work cat.: (OSt)18510: Kumar, Anil. 50194, Government budgeting /, ©2022.
